000 00883nam a2200181 i 4500
001 81659
003 ES-MaACL
005 20230906174501.0
007 t|
008 041105s1904 xxk ||||1| eng d
100 1 _aHuxley, Thomas Henry.
_964863
245 1 0 _aEssays /
_cby Thomas H. Huxley.
250 _a[1st ed., 4th repr.].
260 _aLondon :
_bMacmillan and CÂș,
_c1904 (
_eSuffolk :
_fRichard Clay)
300 _a9 v. ;
_c18 cm.
505 8 _aContiene: V. I: Method an results. -- V. II: Darwiniana. -- V. III: Science and Education. -- V. IV: Science and Hebrew. Tradition. -- V. V: Science and christian tradition. -- V. VI: Hume: with helps to the study of Berkeley. -- V. VII: Man's a place in nature and other anthropological essays. -- V. VIII: Discourses: Biological and Geological. -- V. IX: Evolution and Ethics and other essays
852 _aES-MaACL
_jG-9842-50
999 _c81659
_d81659